00474nam a2200133Ia 4500008004100000100001900041245010700060245003400167260003900201260000900240650001800249650001500267856005800282170221s9999 xx 000 0 und d aKathleen Czech aCommunication, Leadership, and Job Satisfaction: Perspectives on Supervisor-Subordinate Relationships  cKathleen Czech, G. L. Forward bStudies in Media and Communication c2016 xCommunication xMedia Arts uhttp://redfame.com/journal/index.php/smc/issue/view/7